Principle Centered Leadership (Record no. 247847)
[ view plain ]
| 000 -LEADER | |
|---|---|
| fixed length control field | 00245 a2200109 4500 |
| 001 - CONTROL NUMBER | |
| control field | 12774 |
| 082 ## - DEWEY DECIMAL CLASSIFICATION NUMBER | |
| Classification number | 303.34COV |
| 090 ## - LOCALLY ASSIGNED LC-TYPE CALL NUMBER (OCLC); LOCAL CALL NUMBER (RLIN) | |
| -- | 9754 |
| -- | 9754 |
| 100 ## - MAIN ENTRY--PERSONAL NAME | |
| Personal name | Covey R, Stephen |
| 245 ## - TITLE STATEMENT | |
| Title | Principle Centered Leadership |
| 260 ## - PUBLICATION, DISTRIBUTION, ETC. | |
| Name of publisher, distributor, etc. | Simon & Schuster |
| 942 ## - ADDED ENTRY ELEMENTS (KOHA) | |
| Institution code [OBSOLETE] | NUST-CAE |
| Call number prefix | 303.34COV |
| Withdrawn status | Lost status | Damaged status | Not for loan | Collection code | Permanent Location | Current Location | Date acquired | Total Checkouts | Full call number | Barcode | Date last seen | Price effective from | Koha item type |
|---|---|---|---|---|---|---|---|---|---|---|---|---|---|
| College of Aeronautical Engineering (CAE) | College of Aeronautical Engineering (CAE) | 04/03/2017 | 303.34COV | CAE76226 | 04/05/2017 | 04/05/2017 | Book | ||||||
| College of Aeronautical Engineering (CAE) | College of Aeronautical Engineering (CAE) | 04/03/2017 | 303.34COV | CAEG-6251 | 04/05/2017 | 04/05/2017 | Book |
